Alumnos superdotados y talentosos: identificación, evaluación e intervención. Una perspectiva para docentes (Registro nro. 7852)
[ vista simple ]
| 000 -CABECERA | |
|---|---|
| campo de control de longitud fija | 01031ntm a22003137a 4500 |
| 005 - FECHA Y HORA DE ACTUALIZACIÓN | |
| campo de control | 20220118173240.0 |
| 008 - LONGITUD FIJA | |
| campo de control de longitud fija | 160315b xxu||||| |||| 00| | spa d |
| 020 ## - INTERNATIONAL STANDARD BOOK NUMBER | |
| Número Internacional Estándar del Libro | 9786074482201 |
| 041 ## - IDIOMA | |
| Código de idioma del texto/pista de sonido o título separado | |
| 082 ## - CLASIFICACIÓN DECIMAL DEWEY | |
| Número de clasificación | 371.952 V136a2 |
| 100 ## - AUTOR PERSONAL | |
| Nombre de persona | Valadez Sierra, María de los Dolores |
| 100 ## - AUTOR PERSONAL | |
| Nombre de persona | Betancourt Morejón, Julián |
| 100 ## - AUTOR PERSONAL | |
| Nombre de persona | Zavala Berbena, María Alicia |
| 245 ## - TÍTULO PROPIAMENTE DICHO | |
| Título | Alumnos superdotados y talentosos: identificación, evaluación e intervención. Una perspectiva para docentes |
| 250 ## - EDICIÓN | |
| Mención de edición | 2 edición |
| 260 ## - PIE DE IMPRENTA | |
| Lugar de publicación, distribución, etc. | México |
| Nombre del editor, distribuidor, etc. | El Manual Moderno |
| Fecha de publicación, distribución, etc. | 2012 |
| 300 ## - DESCRIPCIÓN FÍSICA | |
| Extensión | 426 páginas |
| 650 ## - Materia General | |
| Materia general | NIÑOS SUPERDOTADOS |
| 650 ## - Materia General | |
| Materia general | EDUCACIÓN |
| 650 ## - Materia General | |
| Materia general | ALUMNOS |
| 650 ## - Materia General | |
| Materia general | CREATIVIDAD |
| 650 ## - Materia General | |
| Materia general | MODELOS TEÓRICOS |
| 650 ## - Materia General | |
| Materia general | ESTRATEGIAS DE APRENDIZAJE |
| 650 ## - Materia General | |
| Materia general | PROGRAMAS EDUCATIVOS |
| 650 ## - Materia General | |
| Materia general | TRASTORNOS DE APRENDIZAJE |
| 650 ## - Materia General | |
| Materia general | ORIENTACIÓN |
| 650 ## - Materia General | |
| Materia general | FORMACIÓN DE PROFESORES |
| 942 ## - Punto de Acceso Adicional Koha | |
| Tipo de ítem Koha | Libro |
| Estado perdido | Estado dañado | No para préstamo | Biblioteca permanente | Biblioteca actual | Signatura completa | Código de barras | Precio efectivo a partir del | Tipo de ítem |
|---|---|---|---|---|---|---|---|---|
| Departamento de Biblioteca y Documentación Alfonso Chase Brenes | Departamento de Biblioteca y Documentación Alfonso Chase Brenes | 371.952 V136a2 | 20815 | 15/03/2016 | Libro |